000 00367nam a22001337a 4500
999 _c9560
_d9560
003 OSt
005 20210705101813.0
008 210705b ||||| |||| 00| 0 eng d
020 _a9781138899216
082 _a720
_bFAJ
100 _aFajkus, Matt; Whitsett, Dason
245 _aArchitectural science and the sun : the poetics and pragmatics of solar design
942 _2ddc